000 00989nam a2200265Ia 4500
003 OSt
005 20221005103904.0
006 a|||||r|||| 00| 0
007 ta
008 221004b |||||||| |||| 00| 0 hin d
020 _a9788188790463 (hbk)
_c900
024 _a15507
037 _bBL170, 07/01/2015, K. K. Publications
_cTextual
040 _aCRL
_cCRL
_bhin
041 _2hin
_ahin
082 _aO152,3M90:g, Q1
100 _aसंतराम ‘संघर्षी’
245 0 _aगुरूदत्त का उपन्यास साहित्य
246 _aGurūdatta kā upanyās sāhitya
260 _aदिल्ली
_bकल्पना प्रकाशन भारत
_c2011
300 _a272पृ0
_ccm.
650 _aहिन्दी साहित्य
942 _hO152,3M90:g, Q1
_cTEXL
_2cc
999 _c1011171
_d1011171